| 000 | 00533nam a2200157 a 4500 | ||
|---|---|---|---|
| 001 | 000028720 | ||
| 005 | 20240308073619.0 | ||
| 008 | 110411s2010 dr ac 000 0 spa d | ||
| 040 |
_aDO-SdBNP _bspa _cBNPHU |
||
| 082 |
_axxx _bS481 |
||
| 245 | 0 | 0 |
_aSer como ellos / _ctextos biográficos Avelino Stanley ; Presentación Joaquín Gerónimo. |
| 260 |
_aSanto Domingo : _bSuperintendencia de Pensiones, _c2010. |
||
| 300 |
_a27 p. : _bil, retrs. ; _c22 cm. |
||
| 700 | 1 | 2 |
_aStanley, Avelino, _d1959- _91536 |
| 700 | 1 | 2 |
_aGerónimo, Joaquín _9676 |
| 999 |
_c28212 _d28212 |
||